000 00881nam a2200289 i 4500
001 C2-0282416
003 PPAK
005 20180728012757.0
008 071007s2007 my a|||| ||||| | may d
020 _a9789838093880
040 _aPPAK
_beng
_cPPAK
_erda
082 0 4 _a923.2595
_223
090 0 0 _a923.2595
_bEMA
_dG
090 0 0 _a923.2595
_bEMA
_dK
090 0 0 _a923.2595
_bEMA
_dRK
100 0 _aE-man,
_eauthor
245 1 0 _aTan Sri Aishah Ghani
264 1 _aKuala Lumpur :
_bCipta Publishing ,
_c2007
300 _a52 pages :
_bcolour illustrations ;
_c30 cm
336 _2rdacontent
_atext
337 _2rdamedia
_aunmediated
338 _2rdacarrier
_avolume
490 1 _aSiri tokoh negarawan Malaysia
650 1 0 _aAishah Haji Abdul Ghani, Tan Sri Datin Paduka. ; Politicians - Malaysia - Biography.
830 0 _aSiri tokoh negarawan Malaysia
942 _ddc
_cB
999 _c88669
_d88669